The fall / (Record no. 2669)
[ view plain ]
| 000 -LEADER | |
|---|---|
| fixed length control field | 01533cam a22003617i 4500 |
| 005 - DATE AND TIME OF LATEST TRANSACTION | |
| control field | 20250124125620.0 |
| 020 ## - INTERNATIONAL STANDARD BOOK NUMBER | |
| International Standard Book Number | 9781442499454 (hardback) |
| 020 ## - INTERNATIONAL STANDARD BOOK NUMBER | |
| International Standard Book Number | 9780340911709 |
| 020 ## - INTERNATIONAL STANDARD BOOK NUMBER | |
| International Standard Book Number | 1442499451 (hardback) |
| 040 ## - CATALOGING SOURCE | |
| Original cataloging agency | KNJ |
| Language of cataloging | eng |
| Transcribing agency | KNJ |
| Description conventions | rda |
| Modifying agency | VHP |
| -- | DLC |
| 050 00 - LIBRARY OF CONGRESS CALL NUMBER | |
| Classification number | PZ7.M869647 |
| Item number | Fal 2013 |
| 082 04 - DEWEY DECIMAL CLASSIFICATION NUMBER | |
| Classification number | 823.92 |
| Edition number | 23 |
| 100 1# - MAIN ENTRY--PERSONAL NAME | |
| Personal name | Muchamore, Robert |
| 245 14 - TITLE STATEMENT | |
| Title | The fall / |
| Statement of responsibility, etc. | Robert Muchamore |
| 250 ## - EDITION STATEMENT | |
| Edition statement | This edition published in 2014 |
| 260 ## - PUBLICATION, DISTRIBUTION, ETC. | |
| Place of publication, distribution, etc. | London : |
| Name of publisher, distributor, etc. | Hodder Children's Books, |
| Date of publication, distribution, etc. | 2007 |
| 300 ## - PHYSICAL DESCRIPTION | |
| Extent | 333 pages ; |
| Dimensions | 22 cm |
| 490 1# - SERIES STATEMENT | |
| Series statement | Cherub ; |
| Volume/sequential designation | mission 7 |
| 500 ## - GENERAL NOTE | |
| General note | Originally published in Great Britain in 2007 by Hodder Children's Books. |
| 505 ## - FORMATTED CONTENTS NOTE | |
| Formatted contents note | Z |
| 520 ## - SUMMARY, ETC. | |
| Summary, etc. | When an MI5 operation goes disastrously wrong, James Adams needs all of his skills to get out of Russia alive. Meanwhile, his sister Lauren is on her first solo mission, trying to uncover a brutal human trafficking operation. And when James does get home, he finds that his nightmare is just beginning ...CHERUB agents have one crucial advantage: adults never suspect that children are spying on them. |
| 521 1# - TARGET AUDIENCE NOTE | |
| Target audience note | 960 |
| Source | Lexile |
| 521 1# - TARGET AUDIENCE NOTE | |
| Target audience note | Z |
| Source | Raz-Plus |
| 650 #0 - SUBJECT ADDED ENTRY--TOPICAL TERM | |
| Topical term or geographic name entry element | Human trafficking |
| Form subdivision | Juvenile fiction. |
| 650 #0 - SUBJECT ADDED ENTRY--TOPICAL TERM | |
| Topical term or geographic name entry element | Teenagers |
| Geographic subdivision | Great Britain |
| Form subdivision | Juvenile fiction. |
| 650 #0 - SUBJECT ADDED ENTRY--TOPICAL TERM | |
| Topical term or geographic name entry element | Intelligence service |
| Geographic subdivision | Great Britain |
| Form subdivision | Juvenile fiction. |
| 655 #0 - INDEX TERM--GENRE/FORM | |
| Genre/form data or focus term | Spy stories. |
| 655 #7 - INDEX TERM--GENRE/FORM | |
| Genre/form data or focus term | Adventure stories. |
| Source of term | gsafd |
| 655 #7 - INDEX TERM--GENRE/FORM | |
| Genre/form data or focus term | Spy stories. |
| Source of term | gsafd |
| 906 ## - LOCAL DATA ELEMENT F, LDF (RLIN) | |
| a | 7 |
| b | cbc |
| c | copycat |
| d | 2 |
| e | ncip |
| f | 20 |
| g | y-gencatlg |
| 942 ## - ADDED ENTRY ELEMENTS (KOHA) | |
| Source of classification or shelving scheme | Dewey Decimal Classification |
| Koha item type | Books |
| Suppress in OPAC | No |
| 999 ## - | |
| -- | 2669 |
| -- | 2669 |
| Withdrawn status | Lost status | Source of classification or shelving scheme | Damaged status | Not for loan | Collection | Home library | Current library | Shelving location | Date acquired | Total Checkouts | Full call number | Barcode | Date last seen | Date last checked out | Price effective from | Koha item type |
|---|---|---|---|---|---|---|---|---|---|---|---|---|---|---|---|---|
| Dewey Decimal Classification | Fiction | Footprints International School Library Network Toul Kork Campus | Footprints International School Library Network Toul Tom Poung Campus | TTP Secondary Fiction Bookshelves | 01/09/2024 | 4 | MUC 823.92 PZ7.M869647 | FISSE02595 | 12/19/2025 | 12/01/2025 | 01/09/2024 | Books |
